[Event "Bamberg op-B 5th"]
[Site "Bamberg"]
[Date "2023.07.30"]
[Round "7"]
[White "Bodling, Florian"]
[Black "Lasschuit, Rene"]
[Result "0-1"]
[WhiteElo "1712"]
[BlackElo "1612"]
[PlyCount "66"]
[EventDate "2023.07.26"]
[EventType "swiss"]
[EventRounds "7"]
[EventCountry "GER"]
[SourceTitle "CBM 215 Extra"]
[Source "ChessBase"]
[SourceDate "2023.09.30"]
[SourceVersion "1"]
[SourceVersionDate "2023.09.30"]
[SourceQuality "1"]

1. Nf3 Nf6 2. g3 g6 3. Bg2 Bg7 4. d3 d5 5. 0-0 0-0 6. Nbd2 Nc6 7. c3 e5 8. b4 a6 9. e4 h6 10. Qb3 Be6 11. Qc2 Qd7 12. a4 Rfd8 13. Ba3 dxe4 14. Nxe4 Qxd3 15. Qxd3 Rxd3 16. Nc5 Rxc3 17. Bb2 Rc2 18. Bxe5 Nxe5 19. Nxe5 Bd5 20. Rac1 Rxc1 21. Rxc1 Bxg2 22. Kxg2 b6 23. Ncd7 Nd5 24. Nc6 Bc3 25. Kf3 Bg7 26. Ke4 Nc3+ 27. Kd3 Nxa4 28. Ne7+ Kh7 29. Rxc7 a5 30. b5 Nb2+ 31. Kc2 a4 32. Nxb6 Ra5 33. Nbd5 a3 0-1

[Event "Erfurt op-B 29th"]
[Site "Erfurt"]
[Date "2019.12.27"]
[Round "3"]
[White "Bodling, Florian"]
[Black "Treiber, Marco"]
[Result "0-1"]
[WhiteElo "1592"]
[BlackElo "1851"]
[PlyCount "92"]
[EventDate "2019.12.26"]
[EventType "swiss"]
[EventRounds "8"]
[EventCountry "GER"]
[SourceTitle "EXT 2021"]
[Source "ChessBase"]
[SourceDate "2020.10.23"]
[SourceVersion "1"]
[SourceVersionDate "2020.10.23"]
[SourceQuality "1"]

1. Nf3 Nf6 2. g3 e6 3. Bg2 d5 4. d3 c5 5. 0-0 Nc6 6. c4 Be7 7. Na3 0-0 8. Bd2 b6 9. Nc2 Ba6 10. b3 Qc7 11. Rb1 Rfd8 12. a4 Rac8 13. Na3 Qb8 14. Nb5 Bb7 15. cxd5 Nxd5 16. e4 Nf6 17. Bf4 e5 18. Bg5 Nb4 19. Ne1 h6 20. Bxf6 Bxf6 21. f3 a6 22. Nc3 Qd6 23. Rf2 Bg5 24. Qe2 Rc7 25. Bf1 g6 26. Nd1 Nc6 27. Nc2 Nd4 28. Nxd4 Qxd4 29. Qb2 Bc8 30. f4 exf4 31. gxf4 Bf6 32. Qe2 Bh4 33. Ne3 Bxf2+ 34. Qxf2 Bb7 35. f5 Rd6 36. Re1 gxf5 37. Qxf5 Qg7+ 38. Ng2 Bc8 39. Qf4 Rcc6 40. Re3 Rg6 41. e5 Rg4 42. Qf3 Bb7 43. Kf2 Rc7 44. Qh3 Qg5 45. e6 fxe6 46. Rg3 Rf7+ 0-1